Normal view
MARC view
- CAMPAMENTOS
Entry Materia
001 - NÚMERO DE CONTROL DEL REGISTRO
- campo de control: 5061
003 - IDENTIFICADOR DE NUMERO DE CONTROL
- campo de control: UPN
005 - FECHA Y HORA DE LA ÚLTIMA TRANSACCIÓN
- campo de control: 20210219193648.0
008 - DATOS DE LONGITUD FIJA
- campo de control de longitud fija: nabaccnnaabn|||||||||| b |nc|||||d
035 ## - NÚMERO DE CONTROL DEL SISTEMA
- Número de control del sistema: UPN10000005061
040 ## - FUENTE DE LA CATALOGACIÓN
- Lengua de catalogación: SPA
- Agencia de transcripción: UPN
150 ## - ENCABEZAMIENTO - TEMÁTICO
- Término de materia o nombre geográfico como elemento inicial: CAMPAMENTOS
670 ## - FUENTE EN LA QUE SE LOCALIZARON DATOS
- Cita de la fuente: E
680 ## - NOTA GENERAL CON DESPLIEGUE PÚBLICO
- Texto explicativo: Aquí se asientan las obras sobre los campamentos con un programa definido de actividades. Las obras sobre la técnica de los campamentos se asientan bajo el encabezamiento
- Encabezamiento: CAMPAMENTOS (EXCURSIONISMO)
902 ## - CATALOGADOR
- Catalogador: MCM/020702
